000 00585nam a2200181Ia 4500
008 090630s9999 xx 000 0 und d
082 _b3712
100 _aसाठे शंकर गो.
245 _aससा आणि कासव.
_cसाठे शंकर गो.
260 _bपॉप्युलर.
_c1964
300 _a105
600 _aसाठे शंकर गो.
630 _aससा आणि कासव.
655 _aनाटक.
700 _aसाठे शंकर गो.
730 _aससा आणि कासव.
942 _cBOOK
999 _c255568
_d255568